Sports Quiz

Random Sports or NBA Quiz

3-Pointers Across the Ages Quiz Stats

 Plays Quiz Updated May 15, 2018

Challenge
Share
Tweet
Embed
Score 0/116 Timer 13:00
0 Plays Today
Age Player % Correct
21Stephen Curry
94%
24Stephen Curry
94%
25Stephen Curry
94%
26Stephen Curry
94%
29K. Lowry & S. Curry
79.4%
30Ray Allen
78.9%
32Ray Allen
78.9%
33Ray Allen
78.9%
35Ray Allen
78.9%
37Ray Allen
78.9%
38Ray Allen
78.9%
26James Harden
78.3%
18Kobe Bryant
78.2%
34Kyle Korver
78.1%
27Paul George
77.1%
31Reggie Miller
70.2%
34Reggie Miller
70.2%
35Reggie Miller
70.2%
36Reggie Miller
70.2%
38Reggie Miller
70.2%
39Reggie Miller
70.2%
20Mike Miller
69.1%
32J.J. Redick
69%
26Kemba Walker
67.8%
22Klay Thompson
65.1%
23Klay Thompson
65.1%
24Klay Thompson
65.1%
41Vince Carter
60.9%
18Amir Johnson
53.6%
33Steve Nash
51.9%
36Kyle Korver
50.5%
35Paul Pierce
50.2%
21Allen Iverson
47.9%
36Jason Kidd
46.8%
37Jason Kidd
46.8%
39Jason Kidd
46.8%
38Jason Terry
46.5%
23Kyle Korver
46.2%
32Kyle Korver
46.2%
Age Player % Correct
33Kyle Korver
46.2%
19DeAngelo Russell
46.1%
31Trevor Ariza
44.7%
36Vince Carter
43.8%
37Vince Carter
43.8%
28James Harden
38.7%
18Tracy McGrady
38.7%
32Eddie Jones
37.6%
40John Stockton
35.9%
25Damian Lillard
35.2%
33J.J. Redick
35.1%
28Stephen Curry
34.5%
40Vince Carter
33.4%
26Peja Stojaković
29.5%
30Peja Stojaković
29.5%
22Baron Davis
29%
34Chauncey Billups
27.9%
37Kobe Bryant
27.7%
34Tim Hardaway
27.5%
28Eric Gordon
27%
29Rashard Lewis
26.9%
20Jamal Murray
26.9%
30Wayne Ellington
26.7%
24Antoine Walker
26.4%
25Antoine Walker
26.4%
35Dale Ellis
26.2%
36Dale Ellis
26.2%
37Dale Ellis
26.2%
38Dale Ellis
26.2%
22Damian Lillard
25.7%
23Damian Lillard
25.7%
29Eric Gordon
25.2%
24Ryan Anderson
24.8%
40Manu Ginobili
23.3%
25Klay Thompson
22.2%
39Manu Ginobili
20.8%
27Isaiah Thomas
20.3%
39Derek Fisher
20.3%
23Gilbert Arenas
20.1%
Age Player % Correct
40Clifford Robinson
19.9%
19Stephon Marbury
19.7%
24Quentin Richardson
19.6%
22Paul George
18.6%
27Dennis Scott
18.2%
30Mitch Richmond
18.1%
31Mitch Richmond
18.1%
20Devin Booker
17.5%
22Ben Gordon
17.3%
29John Starks
16.3%
19Devin Booker
16.2%
33Carmelo Anthony
15.6%
20Lauri Markkanen
15.4%
34Joe Dumars
14.5%
31Kyle Lowry
13.7%
35Kyle Korver
12%
27James Harden
11.1%
20Brandon Jennings
10.4%
26Klay Thompson
10.2%
27Stephen Curry
9.5%
30Raja Bell
9.4%
39Dirk Nowitzki
9.1%
31J.J. Redick
8.5%
38Sam Perkins
7.2%
18C.J. Miles
6.7%
32Jose Calderon
6.4%
28Mookie Blaylock
6.3%
29Mookie Blaylock
6.3%
19Jayson Tatum
6.2%
25Paul George
5.9%
21Danilo Gallinari
5%
23Bradley Beal
4.3%
40Jason Terry
3.3%
21Donovan Mitchell
2.9%
28George McCloud
2.8%
21K. Caldwell-Pope & Daequan Cook
2.2%
19Jamal Murray
2%
18Yaroslav Korolev
1%

You're not logged in!

Compare scores with friends on all Sporcle quizzes.
Join for Free
OR
Log In

You Might Also Like...

Show Comments

Extras

Top Quizzes Today


Score Distribution

Your Account Isn't Verified!

In order to create a playlist on Sporcle, you need to verify the email address you used during registration. Go to your Sporcle Settings to finish the process.

Report this User

Report this user for behavior that violates our Community Guidelines.

Details: